Concepts & Terminology In Agricultural Processing /by Shukadev Mangaraj, Nawab Ali (Record no. 52294)

MARC details
000 -LEADER
fixed length control field 00437nam a22001457a 4500
003 - CONTROL NUMBER IDENTIFIER
control field OSt
008 - FIXED-LENGTH DATA ELEMENTS--GENERAL INFORMATION
fixed length control field 260625b |||||||| |||| 00| 0 eng d
020 ## - INTERNATIONAL STANDARD BOOK NUMBER
International Standard Book Number 9789384053079
082 ## - DEWEY DECIMAL CLASSIFICATION NUMBER
Classification number 630.3
Item number M27C
100 ## - MAIN ENTRY--PERSONAL NAME
Personal name Mangaraj, Shukadev
245 ## - TITLE STATEMENT
Title Concepts & Terminology In Agricultural Processing /by Shukadev Mangaraj, Nawab Ali
260 ## - PUBLICATION, DISTRIBUTION, ETC. (IMPRINT)
Place of publication, distribution, etc Delhi :
Name of publisher, distributor, etc Satish Serial Publishing House,
Date of publication, distribution, etc 2015.
300 ## - PHYSICAL DESCRIPTION
Extent xv, 295 p.
942 ## - ADDED ENTRY ELEMENTS (KOHA)
Source of classification or shelving scheme
Koha item type Books
Holdings
Withdrawn status Lost status Source of classification or shelving scheme Damaged status Not for loan Home library Current library Shelving location Date acquired Source of acquisition Cost, normal purchase price Total Checkouts Full call number Barcode Date last seen Bill Date Koha item type Bill Number
          Dr. Rajendra Prasad Central Agricultural University Pusa, Dr. Rajendra Prasad Central Agricultural University Pusa, General Stacks 25/06/2026 Today & Tomorrow Printers and Publishers 1850.00   630.3 M27C 87121 25/06/2026 29/01/2026 Books Bill No. IN-00449
Hosted, Implemented, Customized & Maintained by: BestBookBuddies

Powered by Koha